000 00253 a2200109 4500
001 71106
040 _cAnchieta - Colégio São Paulo
240 1 0 _aComo treinar seu Dragão
_l
245 1 0 _aComo treinar seu Dragão
650 4 _aGeneralidades
942 _cMX
999 _c71106
_d71106